ბათუმის შოთა რუსთაველის სახელმწიფო უნივერსიტეტის ბიბლიოთეკა

მოთხრობები: მამა და შვილი. და-ძმა. კრეისერი ”შმიდტი” (ბიბ.ჩანაწერი № 48123)

000 -LEADER
fixed length control field 00723nam a2200205Ia 4500
001 - CONTROL NUMBER
control field 15004
003 - CONTROL NUMBER IDENTIFIER
control field GE_BSU
008 - FIXED-LENGTH DATA ELEMENTS--GENERAL INFORMATION
fixed length control field 181216s||||||||xx |||||||||||||| ||und||
040 ## - CATALOGING SOURCE
Transcribing agency GE_BSU
080 ## - UNIVERSAL DECIMAL CLASSIFICATION NUMBER
Universal Decimal Classification number 821.353.1-32
100 ## - MAIN ENTRY--PERSONAL NAME
Personal name ქიაჩელი,ლეო
245 ## - TITLE STATEMENT
Title მოთხრობები: მამა და შვილი. და-ძმა. კრეისერი ”შმიდტი”
260 ## - PUBLICATION, DISTRIBUTION, ETC.
Place of publication, distribution, etc. თბილისი
260 ## - PUBLICATION, DISTRIBUTION, ETC.
Name of publisher, distributor, etc. სახელგამი
260 ## - PUBLICATION, DISTRIBUTION, ETC.
Date of publication, distribution, etc. 1943
300 ## - PHYSICAL DESCRIPTION
Extent 72გვ.21სმ.
653 ## - INDEX TERM--UNCONTROLLED
Uncontrolled term მამა და შვილი. და ძმა. კრეისერი ”შმიდტი”
653 ## - INDEX TERM--UNCONTROLLED
Uncontrolled term მოთხრობები
942 ## - ADDED ENTRY ELEMENTS (KOHA)
Koha item type წიგნი
ეგზემპლარები
Withdrawn status Lost status Damaged status Not for loan Date acquired Barcode Date last seen Price effective from Koha item type
        2018-12-17 38096 2018-12-17 2018-12-17 წიგნი
        2018-12-17 38097 2018-12-17 2018-12-17 წიგნი
        2018-12-17 38098 2018-12-17 2018-12-17 წიგნი